000 00218nam a22000857a 4500
008 161108b xxu||||| |||| 00| 0 eng d
100 _91048
_aChhibber
245 _aMathematics-IX
260 _aNew Delhi
_bABD Publications
_c2009
999 _c3703
_d3703